000 01554nam a2200445 i 4500
001 35504
003 KOSZ 005
005 20200908102829.0
008 080601s1963 pl a f f |000 0 pol
015 _aPB 1963/1210
040 _aWA N
_cWA N
_dKOSZ 005/HR
046 _k1963
080 _a621.9.06
080 _a62-2
100 1 _aDobrzański, Tadeusz
_eAutor
245 1 0 _aPrzyrządy i uchwyty obróbkowe :
_bporadnik konstruktora /
_cTadeusz Dobrzański ; [rys. Henryk Kowalski].
250 _aWyd. 2 całkowicie przer.
260 _aWarszawa :
_bWydawnictwa Naukowo-Techniczne,
_cdr. 1963.
300 _a403, [1] s. ;
_c23 cm.
336 _2rdacontent
_aTekst
_btxt
337 _2rdamedia
_aBez urządzenia pośredniczącego
_bn
338 _2rdacarrier
_aWolumin
_bnc
380 _aKsiążki
380 _aPublikacje fachowe
388 _a1901-2000
388 _a1945-1989
504 _aBibliogr.
521 8 _aDla inżynierów i techników, konstruktorów i technologów oraz dla studentów wyższych uczelni technicznych.
650 4 _aObrabiarka
650 4 _aUchwyty obróbkowe
650 4 _aSkrawanie
650 4 _aNarzędzia
650 4 _aMaszyny
655 4 _aPodręczniki akademickie
658 _aInżynieria i technika
700 1 _aKowalski, Henryk.
_eIlustracje
710 2 _aWydawnictwa Naukowo-Techniczne
_4pbl.
856 _uhttp://koha.tu.koszalin.pl/cgi-bin/koha/opac-detail.pl?biblionumber=35504
_yKatalog online BPK
942 _2UKD
_cKS
999 _c35504
_d35504